000 00287nam a22001097a 4500
008 180803b xxu||||| |||| 00| 0 eng d
082 _a813.52
245 _a2005 Television Advertising and Nurse Recruitment Video
_cJohnson,J
260 _c2005
300 _a1
_fCassette
942 _2ddc
_cMX
999 _c46744
_d46744